Mort subite Capitales et pays (Asie) - Statistiques

Statistiques générales
  • Ce quiz a été pris 597 fois
    541 depuis la dernière actualisation
  • Le résultat moyen est 8 sur 15
Answers on the Grid
Answers color-coded by a green-red scale on the quiz's grid according to % correct below.
Abou Dhabi - Emirats arabes unis
Koweït - Koweït
Manille - Philippines
Astana - Ouzbékistan
Dacca - Bangladesh
Achgabat - Kazakhstan
Bichkek - Turkménistan
Kaboul - Afghanistan
Pékin - Chine
Damas - Syrie
Douchanbé - Thaïlande
Nusantara - Népal
Séoul - Corée-du-Nord
Mascate - Bahrein
New Delhi - Bangladesh
Malé - Maldives
Vientiane - Vietnam
Bangkok - Thaïlande
Thimphou - Bhoutan
Hanoï - Cambodge
Amman - Bahrein
Erevan - Arménie
Kuala Lumpur - Malaisie
Phnom Penh - Corée-du-Nord
Taipei - Taiwan
Sanaa - Maldives
Islamabad - Pakistan
Dili - Timor oriental
Séoul - Laos
Oulan Bator - Malaisie
 
Statistiques - réponses
Réponse % Correct
Manille - Philippines
78%
Abou Dhabi - Emirats arabes unis
77%
Pékin - Chine
74%
Koweït - Koweït
65%
Kaboul - Afghanistan
62%
Damas - Syrie
58%
Bangkok - Thaïlande
55%
Dacca - Bangladesh
49%
Kuala Lumpur - Malaisie
46%
Taipei - Taiwan
40%
Islamabad - Pakistan
37%
Erevan - Arménie
35%
Malé - Maldives
31%
Thimphou - Bhoutan
27%
Dili - Timor oriental
23%
Aucun quiz correspondant
Distribution des résultats
% des personnes avec chaque résultat
Percentile par nombre de réponses
Votre historique - résultats
Vous n’avez pas pris ce quiz depuis la dernière actualisation